Normal view
MARC view
- عايش، حسني....وآخرون ؛ مراجعة وتقديم هند ابو الشعر
Entry Personal Name
001 - CONTROL NUMBER
- control field: 49596
003 - CONTROL NUMBER IDENTIFIER
- control field: JO-AjAnu
005 - DATE AND TIME OF LATEST TRANSACTION
- control field: 20230606082154.0
008 - FIXED-LENGTH DATA ELEMENTS
- fixed length control field: 230606|| aca||aabn | a|a d
040 ## - CATALOGING SOURCE
- Original cataloging agency: JO-AjAnu
- Transcribing agency: JO-AjAnu
100 ## - HEADING--PERSONAL NAME
- Personal name: عايش، حسني....وآخرون ؛ مراجعة وتقديم هند ابو الشعر
670 ## - SOURCE DATA FOUND
- Source citation: Work cat.: (JO-AjAnu)25361: عايش، حسني....وآخرون ؛ مراجعة وتقديم هند ابو الشعر, author, المرأة والدور: نظرة اردنية